Library of the University of Algiers 3
Ibrahim Sultan Cheibout
شعار جامعة الجزائر 3
مكتبة جامعة الجزائر 3
إبراهيم سلطان شيبوط

توضيح أوجه اختلاف الأقوال في مسائل من معاملات الأموال / (رقم التسجيلة. 42942)

تفاصيل مارك
000 -LEADER
fixed length control field 01514nam a2200217Ia 4500
003 - CONTROL NUMBER IDENTIFIER
control field Ost
005 - DATE AND TIME OF LATEST TRANSACTION
control field 20260507075113.0
008 - FIXED-LENGTH DATA ELEMENTS--GENERAL INFORMATION
fixed length control field 260507s9999||||xx |||||||||||||| ||und||
040 ## - CATALOGING SOURCE
Transcribing agency fsecg
041 ## - LANGUAGE CODE
Language code of text/sound track or separate title ara
082 ## - DEWEY DECIMAL CLASSIFICATION NUMBER
Classification number 330
100 ## - MAIN ENTRY--PERSONAL NAME
Personal name بن بيه، الشيخ عبد الله بن الشيخ المحفوظ
Relator term مؤلف
245 #0 - TITLE STATEMENT
Title توضيح أوجه اختلاف الأقوال في مسائل من معاملات الأموال /
Statement of responsibility, etc. الشيخ عبد الله بن الشيخ المحفوظ بن بيه
260 ## - PUBLICATION, DISTRIBUTION, ETC.
Place of publication, distribution, etc. بيروت:
Name of publisher, distributor, etc. دار ابن حزم للطباعة والنشر,
Date of publication, distribution, etc. 1998
300 ## - PHYSICAL DESCRIPTION
Extent 240 صفحة؛
Dimensions 24 سم
504 ## - BIBLIOGRAPHY, ETC. NOTE
Bibliography, etc. note ببليوغرافيا:ص.5-6
520 ## - SUMMARY, ETC.
Summary, etc. الإيجار الذي ينتهي بالتمليك،موقف المؤجر من تصرفات المستأجر غير الجائزة شرعا،المشاركة في شركات أصل نشاطها حلال إلا أنها تتعامل بالحرام،التعامل مع شركات تقوم بأعمال مشروعة وتتعامل مع البنوك بالفوائد،أحكام النقود الورقية و تغير قيمة العملة،تبرئة الذمة في مسألة الربا الملمة،التعويض عن الضرر الناتج عن تأخير سداد الديون المستحقة،حكم الشرع في تعديل ما ترتب بذمة المدين للدائن في حالة التضخم
653 ## - INDEX TERM--UNCONTROLLED
Uncontrolled term الاقتصاد
653 ## - INDEX TERM--UNCONTROLLED
Uncontrolled term الاقتصاد الاسلامي
942 ## - ADDED ENTRY ELEMENTS (KOHA)
Koha item type كتب
المقتنيات
Withdrawn status Lost status Source of classification or shelving scheme Damaged status Not for loan Home library Current library Date acquired Serial enumeration / chronology Inventory number Total checkouts Full call number Barcode Date last seen Price effective from Koha item type
    Dewey Decimal Classification   NOT LOAN / إعارة داخلية مكتبة كلية العلوم الإقتصادية والعلوم التجارية وعلوم التسيير مكتبة كلية العلوم الإقتصادية والعلوم التجارية وعلوم التسيير 07/05/2026 الطابق الأرضي 1549/1   أ/1549ن1 1549/1 07/05/2026 07/05/2026 كتب
    Dewey Decimal Classification   Available مكتبة كلية العلوم الإقتصادية والعلوم التجارية وعلوم التسيير مكتبة كلية العلوم الإقتصادية والعلوم التجارية وعلوم التسيير 07/05/2026 الطابق الثاني 1549/2   أ/1549ن2 1549/2 07/05/2026 07/05/2026 كتب

موارد الويب المفتوحة


© University of Algiers 3 All Rights Reserved
|
Implemented by LECHELAH Riad